|
|
|
|
| LEADER |
02329nam a2200565 a 4500 |
| 001 |
nkc20071781361 |
| 003 |
CZ PrNK |
| 005 |
20120126140602.0 |
| 007 |
ta |
| 008 |
071129s2007 xr abc f 000 0 cze |
| 015 |
|
|
|a cnb001781361
|
| 020 |
|
|
|a 978-80-87087-06-0
|q (váz.)
|
| 035 |
|
|
|a (OCoLC)228501083
|
| 040 |
|
|
|a BOA001
|b cze
|d ABA001
|
| 041 |
1 |
|
|a cze
|h eng
|
| 045 |
|
|
|a t0v6
|
| 072 |
|
7 |
|a 355/359
|x Vojenství. Obrana země. Ozbrojené síly
|2 Konspekt
|9 15
|
| 080 |
|
|
|a 355.4
|2 MRF
|
| 080 |
|
|
|a 355.48
|2 MRF
|
| 080 |
|
|
|a 355.42
|2 MRF
|
| 080 |
|
|
|a 355.415.5
|2 MRF
|
| 080 |
|
|
|a (048.8)
|2 MRF
|
| 245 |
0 |
0 |
|a Bojové techniky raného novověku :
|b 1500 n.l. - 1763 n.l. : vybavení, bojeschopnost a taktika /
|c Christer Jörgensen ... [et al. ; z anglického originálu ... přeložil Josef Bartoň]
|
| 250 |
|
|
|a Vyd. 1.
|
| 260 |
|
|
|a Praha :
|b Deus,
|c 2007
|
| 300 |
|
|
|a 256 s. :
|b il. (některé barev.), mapy, portréty ;
|c 26 cm
|
| 504 |
|
|
|a Obsahuje bibliografii
|
| 550 |
|
|
|a Vydal D-Consult v nakl. Deus
|
| 648 |
|
7 |
|a 16.-18. století
|7 ch757029
|2 czenas
|
| 648 |
|
4 |
|a 1500-1763
|
| 650 |
0 |
7 |
|a válečnictví
|7 ph127327
|y 16.-18. století
|2 czenas
|
| 650 |
0 |
7 |
|a bitvy
|7 ph118933
|y 16.-18. století
|2 czenas
|
| 650 |
0 |
7 |
|a vojenská taktika
|7 ph162447
|y 16.-18. století
|2 czenas
|
| 650 |
0 |
7 |
|a vojenská výzbroj
|7 ph170459
|y 16.-18. století
|2 czenas
|
| 650 |
0 |
9 |
|a art of war
|y 16th-18th centuries
|2 eczenas
|
| 650 |
0 |
9 |
|a battles
|y 16th-18th centuries
|2 eczenas
|
| 650 |
0 |
9 |
|a military tactics
|y 16th-18th centuries
|2 eczenas
|
| 650 |
0 |
9 |
|a military equipment and supplies
|y 16th-18th centuries
|2 eczenas
|
| 655 |
|
7 |
|a monografie
|7 fd132842
|2 czenas
|
| 655 |
|
9 |
|a monographs
|2 eczenas
|
| 700 |
1 |
|
|a Jörgensen, Christer,
|d 1967-
|7 mzk2007423908
|4 aut
|
| 710 |
2 |
|
|a D-Consult (firma)
|7 ko2002103382
|
| 765 |
0 |
|
|t Fighting techniques of the early modern world
|9 Česky
|
| 856 |
4 |
1 |
|u http://www.digitalniknihovna.cz/mzk/uuid/uuid:73931e00-8132-11e9-823d-005056827e52
|y Digitalizovaný dokument
|x NDK
|
| 910 |
2 |
|
|a BOA001
|b 3-1195.643
|
| 990 |
|
|
|a BK
|
| 995 |
|
|
|a 01
|
| 991 |
|
|
|b 200801
|c NOV
|
| 996 |
6 |
|
|b 2610327670
|c 3-1195.643
|l MZK
|r Sklad / do 1 hodiny
|n 3
|p p.v.
|w 000878159
|u 000010
|a 1
|e BOA001
|j MZK50
|s P
|
| 996 |
7 |
|
|b 2610334022
|c 3-1195.643
|l Vol.výběr
|r VV 0p
|n 30
|p kup
|h 355.4 BOJ
|w 000878159
|u 000020
|a 0
|e BOA001
|j MZK50
|s A
|